|
|
|
|
| LEADER |
00000nab a2200000 a 4500 |
| 001 |
vtls000846852 |
| 003 |
SK-MaSNL |
| 005 |
20260304112240.0 |
| 008 |
250429c2003 xo 0 slo |
| 015 |
|
|
|a SNBRB2003/10-26948
|
| 035 |
|
|
|a CLN000198507
|
| 035 |
|
|
|a urn:nbn:sk:snk-abbwod
|
| 035 |
|
|
|a (urnnbn)urn:nbn:sk:snk:ar-001190
|
| 035 |
|
|
|a (uuid)c10521f7-4e0a-48f3-a33f-8bec31874943
|
| 040 |
|
|
|a SNKBUCL
|b slo
|c SNKBUCL
|e AACR2
|
| 041 |
0 |
|
|a slo
|
| 044 |
|
|
|a xo
|c SK
|
| 080 |
|
|
|a 37.014(437.6)
|2 1997
|
| 100 |
1 |
|
|a Krajčo, Eduard,
|d 1940-
|4 ain
|9 242959
|
| 245 |
1 |
0 |
|a Školstvo potrebuje nové impulzy
|c Ľubomír Pajtinka, Eduard Krajčo
|
| 650 |
0 |
7 |
|a školstvo
|z Slovensko
|2 snkbucl
|9 305566
|
| 655 |
|
7 |
|a články z novín a časopisov
|2 snkbucl
|9 267496
|
| 700 |
1 |
|
|a Pajtinka, Ľubomír,
|d 1955-
|4 aut
|9 107309
|
| 773 |
0 |
|
|t Rodina a škola
|g Roč. 51, č. 6 (2003), s. 8-9
|x 0231-6463
|
| 850 |
|
|
|a Slovenská národná knižnica
|
| 852 |
|
|
|a Slovenská národná knižnica
|
| 954 |
|
|
|a odborná, vedecká literatúra pôvodná (slovenská)
|2 lita
|
| 958 |
|
|
|a article15
|
| 958 |
|
|
|a OND
|
| 958 |
|
|
|a EUIPO
|
| 992 |
|
|
|a RBX
|
| 999 |
|
|
|c 2864884
|d 2866814
|